[Event "Olimpiade 2014 - Open"]
[Site "Tromsø"]
[Date "11.08.2014"]
[Round "9.46"]
[Board "1"]
[White "Larrea, Manuel"]
[Black "Arias, Lemnys A."]
[Result "0-1"]
[WhiteTitle "FM"]
[BlackTitle "IM"]
[WhiteElo "2333"]
[BlackElo "2329"]
[WhiteTeam "Uruguay"]
[BlackTeam "El Salvador"]
[WhiteFideId "3000508"]
[BlackFideId "6700284"]
[EventDate "2014.08.02"]

1. e4 c5 2. c3 d5 3. exd5 Qxd5 4. d4 g6 5. Nf3 Bg7 6. Na3 Nf6 7. Bc4 Qd8 8. Qb3
O-O 9. Ne5 e6 10. dxc5 Qc7 11. Nd3 Nbd7 12. Nb5 Qc6 13. O-O Nxc5 14. Nxc5 Qxc5
15. Bf4 Rd8 16. Rad1 Bd7 17. Bd6 Qc6 18. Be7 Re8 19. Bxf6 Bxf6 20. Nd6 Re7 21.
Rd3 Rb8 22. Rfd1 b5 23. a4 a6 24. axb5 axb5 25. Qb4 Kg7 26. Bb3 Bc8 27. Ne4 Bb7
28. f3 Qb6+ 29. Nf2 Rc7 30. Qf4 Rbc8 31. Kf1 h5 32. Rd6 Qc5 33. Ne4 Bxe4 34.
Qxe4 Be5 35. R6d5 exd5 36. Qxe5+ f6 37. Qxd5 Re7 38. Rd4 Qc7 39. g3 Rce8 40. Rd2
h4 41. Kf2 hxg3+ 42. hxg3 Qa7+ 43. Kg2 Qe3 44. Bc2 Qxd2+ 0-1

[Event "Olimpiade 2014 - Open"]
[Site "Tromsø"]
[Date "11.08.2014"]
[Round "9.46"]
[Board "2"]
[White "Arias, Daniel"]
[Black "Roselli Mailhe, Bernardo"]
[Result "1/2-1/2"]
[WhiteTitle "FM"]
[BlackTitle "IM"]
[WhiteElo "2126"]
[BlackElo "2425"]
[WhiteTeam "El Salvador"]
[BlackTeam "Uruguay"]
[WhiteFideId "6700640"]
[BlackFideId "3000028"]
[EventDate "2014.08.02"]

1. e4 e6 2. d4 d5 3. Nd2 a6 4. Ngf3 c5 5. exd5 exd5 6. dxc5 Bxc5 7. Nb3 Ba7 8.
Bd3 Qe7+ 9. Qe2 Nc6 10. c3 Bg4 11. O-O Qxe2 12. Bxe2 Nf6 13. h3 Bh5 14. Re1 O-O
15. Nfd4 Bxe2 16. Rxe2 Rfe8 17. Rxe8+ Rxe8 18. Be3 Ne5 19. Rd1 Nc4 20. Bc1 Ne4
21. Na1 Bxd4 22. cxd4 Rc8 23. f3 Ned6 24. Kf2 f6 25. Ke2 Kf7 26. Kd3 g5 27. Nc2
Nf5 28. Nb4 Ne7 29. b3 Nd6 30. Bd2 h5 31. Re1 a5 32. Nc2 Ng6 33. Re2 b6 34. Re1
Nf5 35. Bc1 Nfh4 36. Re2 Nf8 37. Bd2 Ne6 38. Bc1 Rc7 39. Be3 Ng6 40. Kd2 Nh4 41.
Kd3 Rc6 42. Rf2 Nf5 43. Rd2 h4 44. Re2 Nxe3 45. Kxe3 Rc3+ 46. Kf2 Nf4 47. Rd2
Rd3 48. Rxd3 Nxd3+ 49. Ke3 Nc1 50. a4 Nxb3 51. Na3 Nc1 52. Nb5 Na2 53. Nd6+ Ke6
54. Nc8 Kd7 55. Nxb6+ Kc6 56. Nc8 Nc3 57. Ne7+ Kd6 58. Nc8+ Kd7 59. Nb6+ Kc6 60.
Kd2 Nb1+ 61. Kc2 Na3+ 62. Kb3 Nb1 63. Kc2 Na3+ 64. Kb3 Nb1 65. Kc2 Kxb6 66. Kxb1
Kc6 67. Kc2 Kd6 68. Kd3 Ke6 69. Ke2 Kf7 70. Kf2 Kg6 71. Ke2 Kh5 72. Kf2 Kh6 73.
Ke2 Kg6 74. Kf2 Kf5 75. Ke3 Ke6 76. Ke2 Kf5 1/2-1/2

[Event "Olimpiade 2014 - Open"]
[Site "Tromsø"]
[Date "11.08.2014"]
[Round "9.46"]
[Board "3"]
[White "Muniz, Rafael"]
[Black "Chavez, Ricardo Ernesto"]
[Result "0-1"]
[BlackTitle "FM"]
[WhiteElo "2272"]
[BlackElo "2165"]
[WhiteTeam "Uruguay"]
[BlackTeam "El Salvador"]
[WhiteFideId "3000486"]
[BlackFideId "6700098"]
[EventDate "2014.08.02"]

1. e4 d6 2. d4 g6 3. Nc3 Bg7 4. h3 a6 5. a4 b6 6. Nf3 e6 7. Bd3 Ne7 8. O-O Nd7
9. Qe2 Bb7 10. Bd2 O-O 11. Nd1 Nf6 12. c4 c5 13. Bc3 cxd4 14. Nxd4 Re8 15. f4
Qc7 16. Nf2 Nh5 17. Qe3 Nxf4 18. Qxf4 e5 19. Qe3 exd4 20. Bxd4 Nf5 21. Bxb6 Nxe3
22. Bxc7 Nxf1 23. Rxf1 Bd4 24. Kh2 Bxf2 25. Rxf2 Bxe4 26. Bf1 Bc6 27. a5 d5 28.
b4 dxc4 29. Bxc4 Re7 30. Bd6 Rd7 31. Bc5 Kg7 32. Re2 Bd5 33. Bxd5 Rxd5 34. Re7
Kf6 35. Rb7 Rd2 36. Rb6+ Kg7 37. Kg3 h5 38. h4 Rc2 39. Bd4+ Kg8 40. Kf3 Rc4 41.
Bf6 Rac8 42. Ke3 Ra8 43. Kd3 Rg4 44. Kc3 Rxg2 45. Kd4 Rd2+ 46. Ke3 Rd1 47. Ke2
Rd5 48. Kf3 Kf8 49. Ke4 Rd1 50. Kf4 Rd5 51. Ke4 Rf5 52. Kd4 Ke8 53. Bg5 Ra7 54.
Ke4 Kd7 55. Bf6 Kc8 56. Bd4 Re7+ 57. Kd3 Re6 0-1

[Event "Olimpiade 2014 - Open"]
[Site "Tromsø"]
[Date "11.08.2014"]
[Round "9.46"]
[Board "4"]
[White "Giron, Jorge Ernesto"]
[Black "Coppola, Claudio"]
[Result "0-1"]
[WhiteTitle "CM"]
[BlackTitle "IM"]
[WhiteElo "2103"]
[BlackElo "2190"]
[WhiteTeam "El Salvador"]
[BlackTeam "Uruguay"]
[WhiteFideId "6702309"]
[BlackFideId "3001717"]
[EventDate "2014.08.02"]

1. e4 c5 2. Nf3 d6 3. d4 cxd4 4. Nxd4 Nf6 5. Nc3 g6 6. Be3 Bg7 7. f3 O-O 8. Qd2
Nc6 9. Bc4 Bd7 10. h4 h5 11. O-O-O Rc8 12. Bb3 Ne5 13. Bg5 Rc5 14. Kb1 Re8 15.
Bh6 Nc4 16. Bxc4 Rxc4 17. Bxg7 Kxg7 18. g4 hxg4 19. h5 Rh8 20. hxg6 fxg6 21.
fxg4 Bxg4 22. e5 dxe5 23. Ne6+ Bxe6 24. Qxd8 Rxd8 25. Rxd8 Bf5 26. Rd2 Ne4 27.
Nxe4 Rxe4 28. b3 g5 29. Kb2 g4 30. Rf2 Rf4 31. Re2 Kf6 32. Rh8 Be4 33. Rh6+ Bg6
34. Rh1 Rf3 35. Rg1 Bf5 36. Kc1 e4 37. Kd2 Kg5 38. Reg2 Kf4 0-1

[Event "Olimpiade 2014 - Open"]
[Site "Tromsø"]
[Date "11.08.2014"]
[Round "9.47"]
[Board "1"]
[White "Amdouni, Zoubaier"]
[Black "Jones, Richard S."]
[Result "0-1"]
[WhiteTitle "FM"]
[BlackTitle "IM"]
[WhiteElo "2350"]
[BlackElo "2414"]
[WhiteTeam "Tunisia"]
[BlackTeam "Wales"]
[WhiteFideId "5500419"]
[BlackFideId "1800833"]
[EventDate "2014.08.02"]

1. e4 e5 2. Bc4 Nf6 3. Nc3 Nxe4 4. Qh5 Nd6 5. Bb3 Be7 6. Nf3 Nc6 7. Nxe5 g6 8.
Nxc6 dxc6 9. Qf3 O-O 10. O-O Nf5 11. Ne2 Bf6 12. d3 Re8 13. Ng3 Nd4 14. Qd1 Bg7
15. Ne4 Nxb3 16. axb3 Bf5 17. Bg5 f6 18. Be3 Bxe4 19. dxe4 Qe7 20. Ra4 b5 21.
Ra6 Qxe4 22. Qd7 Re6 23. Bc5 Bf8 24. Be3 Rae8 25. c3 Bd6 26. g3 Qd3 27. b4 Rxe3
28. fxe3 Qxe3+ 29. Kg2 Qe4+ 30. Rf3 Qe2+ 31. Rf2 Qe4+ 32. Kh3 Re5 33. Qd8+ Bf8
34. g4 h5 35. Qd1 hxg4+ 36. Kg3 Rd5 37. Qxg4 Rg5 38. Qxg5 fxg5 39. Rxa7 Bd6+ 40.
Kh3 g4+ 0-1

[Event "Olimpiade 2014 - Open"]
[Site "Tromsø"]
[Date "11.08.2014"]
[Round "9.47"]
[Board "2"]
[White "Kett, Tim"]
[Black "Boudriga, Med Ali"]
[Result "1/2-1/2"]
[BlackTitle "FM"]
[WhiteElo "2244"]
[BlackElo "2282"]
[WhiteTeam "Wales"]
[BlackTeam "Tunisia"]
[WhiteFideId "1801210"]
[BlackFideId "5500460"]
[EventDate "2014.08.02"]

1. e4 c5 2. Nf3 d6 3. Bc4 Nc6 4. O-O g6 5. Nc3 Bg7 6. d3 Nf6 7. h3 O-O 8. a3 a6
9. Rb1 b5 10. Ba2 Nd7 11. Bd2 Nb6 12. Qc1 Be6 13. Bxe6 fxe6 14. Bh6 Rxf3 15.
gxf3 Nd4 16. Bxg7 Kxg7 17. Kg2 Qf8 18. f4 Nd7 19. Re1 Nf6 20. Ne2 Nxe2 21. Rxe2
Nh5 22. f5 e5 23. Kh2 Nf4 24. Re3 gxf5 25. exf5 Qxf5 26. Rg3+ Ng6 27. Qe3 Rf8
28. f3 c4 29. Rbg1 cxd3 30. cxd3 Rc8 31. R1g2 Qf4 32. Qa7 Kf6 33. Qxa6 Rc1 34.
Qa8 Nh4 35. Qf8+ Ke6 36. Qxf4 exf4 37. Re2+ Kf6 38. Rg4 Nxf3+ 39. Kg2 Ne1+ 40.
Rxe1 Rxe1 41. Rxf4+ Ke6 42. Rb4 Re5 43. Kf3 Rf5+ 44. Ke3 Kd7 45. b3 Kc6 46. a4
bxa4 47. bxa4 Rh5 48. h4 Ra5 49. Kf4 e6 50. Rc4+ Kd7 51. Rb4 Kc6 52. Rc4+ Kd7
53. Rb4 h6 54. Rb7+ Kc6 55. Rb4 Kd7 56. Rb7+ Ke8 57. Rb4 Ke7 58. Ke3 Kd7 59. Kd4
Kc6 1/2-1/2

[Event "Olimpiade 2014 - Open"]
[Site "Tromsø"]
[Date "11.08.2014"]
[Round "9.47"]
[Board "3"]
[White "Bouzidi, Ahmed"]
[Black "Sands, David A"]
[Result "1-0"]
[WhiteElo "2231"]
[BlackElo "2210"]
[WhiteTeam "Tunisia"]
[BlackTeam "Wales"]
[WhiteFideId "5501733"]
[BlackFideId "402060"]
[EventDate "2014.08.02"]

1. e4 c5 2. c3 d5 3. exd5 Qxd5 4. d4 Nf6 5. Nf3 e6 6. Na3 Nc6 7. Be3 cxd4 8. Nb5
Qd8 9. Nbxd4 Nd5 10. Nxc6 bxc6 11. Bd4 f6 12. Qa4 Bd7 13. Qc4 Bd6 14. Bc5 Bxc5
15. Qxc5 Qb6 16. Qa3 c5 17. O-O-O Qc7 18. g3 O-O 19. Bh3 Nb6 20. Rhe1 e5 21.
Bxd7 Nxd7 22. Nd2 Nb6 23. Ne4 c4 24. Qd6 Qf7 25. f4 exf4 26. gxf4 Rfe8 27. Qd4
Qg6 28. Re2 Qh6 29. Qd6 Qg6 30. Qd4 Qh6 31. Rf2 Qh4 32. Nd6 Red8 33. Qe3 Rd7 34.
Rfd2 Rad8 35. Nf5 Qh5 36. Rxd7 Rxd7 37. Rg1 Kh8 38. Qc5 Qe8 39. Qc6 Qb8 40. Qe4
g6 41. Nd4 f5 42. Qf3 Qd6 43. Rd1 Qe7 44. Qf2 Qe8 45. Rg1 Nd5 46. Nxf5 Nxc3 47.
Re1 Qf8 48. Nd4 Nd5 49. Ne6 Qf6 50. Qc5 Nb6 51. a4 Re7 52. Qc6 Qf5 53. Qd6 Rxe6
54. Rxe6 Kg7 55. Re7+ Kh6 56. Qc7 g5 57. Qc6+ Kh5 58. Qe8+ Kg4 59. Rf7 Qd3 60.
Qe6+ Kh5 61. fxg5 c3 62. Rf2 cxb2+ 63. Rxb2 Qf1+ 64. Kc2 Nc4 65. Qe8+ Kg4 66.
Qe4+ Kh5 67. Qxh7+ Kg4 68. Rb4 Qe2+ 69. Kc3 Qe5+ 70. Kxc4 a5 71. h3+ Kf4 72.
Qh4+ Kf3 73. Qg4+ Kf2 74. Qd4+ Qxd4+ 75. Kxd4 axb4 76. g6 b3 77. Kc3 b2 78. Kxb2 1-0

[Event "Olimpiade 2014 - Open"]
[Site "Tromsø"]
[Date "11.08.2014"]
[Round "9.47"]
[Board "4"]
[White "Rayner, Francis"]
[Black "Bouaziz, Mehdi"]
[Result "0-1"]
[BlackTitle "CM"]
[WhiteElo "2177"]
[BlackElo "2246"]
[WhiteTeam "Wales"]
[BlackTeam "Tunisia"]
[WhiteFideId "1800132"]
[BlackFideId "5500311"]
[EventDate "2014.08.02"]

1. Nf3 c5 2. c4 Nc6 3. d4 cxd4 4. Nxd4 g6 5. e4 Bg7 6. Be3 Nf6 7. Nc3 O-O 8. Be2
b6 9. O-O Bb7 10. Nb3 d6 11. Rc1 Qb8 12. Qd2 Rd8 13. f4 Nd7 14. f5 Nf6 15. Bg5
Ne5 16. Qf4 a6 17. Qh4 Rc8 18. Nd5 Bxd5 19. cxd5 b5 20. Be3 Qb7 21. Nd4 Rxc1 22.
Rxc1 Rc8 23. Rf1 Rc7 24. Kh1 Qc8 25. h3 Qd7 26. Bg1 Qc8 27. Be3 Ne8 28. Qf4 Bf6
29. fxg6 hxg6 30. b3 Rc3 31. Bd2 Rc5 32. Be3 Rc7 33. Qg3 Bg7 34. Qf4 Nf6 35. Rd1
Qf8 36. Bf3 Nxf3 37. Qxf3 Rc3 38. Nc6 e6 39. Rc1 Rxc1+ 40. Bxc1 exd5 41. exd5
Qe8 42. Bf4 Ne4 43. Qe3 f5 44. Qa7 Bf6 45. Qb8 Qxb8 46. Nxb8 a5 47. Nc6 a4 48.
bxa4 bxa4 49. Nb4 Kf7 50. Kg1 Ke7 51. Kf1 Bc3 52. Nc2 Be5 53. Bc1 Kd7 54. a3 Kc7
55. Be3 Nf6 56. Nb4 Bc3 57. Nc2 Nxd5 58. Bc1 Kc6 59. Ke2 Kc5 60. Kd3 Be5 61. Ne1
Nf4+ 62. Bxf4 Bxf4 63. Nc2 Bc1 64. Kc3 d5 65. Kd3 Bb2 66. Kd2 Kc4 67. Ne3+ Kd4
68. Nc2+ Ke4 69. Ke2 d4 70. Kd2 Bc3+ 71. Kd1 g5 72. Nb4 Bxb4 73. axb4 a3 0-1

[Event "Olimpiade 2014 - Open"]
[Site "Tromsø"]
[Date "11.08.2014"]
[Round "9.48"]
[Board "1"]
[White "Lie, Espen"]
[Black "Olape, Bunmi"]
[Result "1-0"]
[WhiteTitle "IM"]
[BlackTitle "IM"]
[WhiteElo "2435"]
[BlackElo "2273"]
[WhiteTeam "Norway 3"]
[BlackTeam "Nigeria"]
[WhiteFideId "1502611"]
[BlackFideId "8500290"]
[EventDate "2014.08.02"]

1. d4 d5 2. c4 c6 3. Nf3 Nf6 4. Nc3 e6 5. Bg5 Be7 6. e3 O-O 7. Qc2 Nbd7 8. Rd1
b6 9. Bd3 Bb7 10. O-O h6 11. Bh4 Re8 12. Rfe1 Qc8 13. Qe2 a6 14. cxd5 cxd5 15.
Rc1 Qb8 16. Na4 g5 17. Bg3 Bd6 18. Ne5 b5 19. Nxd7 Nxd7 20. Nc5 Nxc5 21. Bxd6
Qxd6 22. dxc5 Qd7 23. Qh5 Kg7 24. h4 Qd8 25. c6 Bc8 26. e4 dxe4 27. Bxe4 Ra7 28.
hxg5 Qxg5 29. Qh2 e5 30. Rc3 Qf4 31. Rg3+ Kh8 32. Qh5 Rg8 33. Rxg8+ Kxg8 34. Qd1
Qf6 35. Re3 Kf8 36. Qd2 Bg4 37. Rd3 Qf4 38. Re3 Qf6 39. Qa5 Qe7 40. Rg3 Qd6 41.
Rd3 Qe7 42. Qb6 Ra8 43. c7 Rc8 44. Qxh6+ 1-0

[Event "Olimpiade 2014 - Open"]
[Site "Tromsø"]
[Date "11.08.2014"]
[Round "9.48"]
[Board "2"]
[White "Kigigha, Bomo"]
[Black "Hauge, Lars Oskar"]
[Result "1-0"]
[WhiteTitle "CM"]
[BlackTitle "FM"]
[WhiteElo "2197"]
[BlackElo "2346"]
[WhiteTeam "Nigeria"]
[BlackTeam "Norway 3"]
[WhiteFideId "8500037"]
[BlackFideId "1509276"]
[EventDate "2014.08.02"]

1. c4 e5 2. g3 Nc6 3. Nc3 g6 4. Bg2 Bg7 5. Nf3 Nge7 6. O-O O-O 7. Rb1 f5 8. d3
d6 9. Bd2 a6 10. b4 Rb8 11. a4 a5 12. b5 Nb4 13. Nd5 c5 14. bxc6 bxc6 15. Nxb4
axb4 16. Rxb4 Ra8 17. Rb1 f4 18. e3 Bf5 19. Qc2 fxg3 20. fxg3 Qd7 21. e4 Bg4 22.
c5 d5 23. a5 Rfd8 24. Bc3 d4 25. Ng5 dxc3 26. Qa2+ Nd5 27. Rf7 Qe8 28. exd5 Bh6
29. Re7 Qxe7 30. d6+ Be6 31. Nxe6 Qf7 32. Rf1 c2 33. Rxf7 c1=Q+ 34. Rf1 Qd2 35.
Qxd2 Bxd2 36. Bxc6 Be3+ 37. Kg2 Bxc5 38. Bxa8 Rd7 39. Nxc5 Rb7 40. Bxb7 1-0

[Event "Olimpiade 2014 - Open"]
[Site "Tromsø"]
[Date "11.08.2014"]
[Round "9.48"]
[Board "3"]
[White "Holm, Kristian Stuvik"]
[Black "Ajibowo, Olamide Patrick"]
[Result "1/2-1/2"]
[WhiteTitle "FM"]
[BlackTitle "FM"]
[WhiteElo "2275"]
[BlackElo "2168"]
[WhiteTeam "Norway 3"]
[BlackTeam "Nigeria"]
[WhiteFideId "1508083"]
[BlackFideId "8500444"]
[EventDate "2014.08.02"]

1. d4 Nf6 2. c4 g6 3. Nc3 Bg7 4. e4 d6 5. Nf3 O-O 6. h3 c6 7. Be2 a5 8. Bg5 h6
9. Be3 Nfd7 10. g4 e5 11. d5 c5 12. h4 Nf6 13. Nd2 Nh7 14. h5 g5 15. f3 Bd7 16.
O-O a4 17. Ndb1 Na6 18. Nxa4 f5 19. Nac3 fxg4 20. fxg4 Rxf1+ 21. Kxf1 Qb6 22. b3
Rf8+ 23. Kg2 Nf6 24. Bf3 Qd8 25. Nd2 Qc8 26. Kg3 Nb4 27. Nb5 Ne8 28. Be2 Qb8 29.
a3 Na6 30. Rb1 Qd8 31. b4 b6 32. Nc3 Rf4 33. Kg2 Rf8 34. Nf1 Nf6 35. Nh2 Qa8 36.
Qc2 Qc8 37. b5 Nb8 38. Kg3 Qc7 39. a4 Bc8 40. Ra1 Qd7 41. a5 Nxh5+ 42. Kg2 bxa5
43. Rxa5 Nf4+ 44. Kh1 Qd8 45. Ra7 Nd7 46. Bf3 Ng6 47. Qa2 Nh4 48. Be2 Bf6 49.
Qa5 Qxa5 50. Rxa5 Bd8 51. Ra8 Nb6 52. Ra7 Rf7 53. Ra1 Ng6 54. Kg1 1/2-1/2

[Event "Olimpiade 2014 - Open"]
[Site "Tromsø"]
[Date "11.08.2014"]
[Round "9.48"]
[Board "4"]
[White "Balogun, Oluwafemi"]
[Black "Mihajlov, Sebastian"]
[Result "1-0"]
[WhiteTitle "CM"]
[BlackTitle "CM"]
[WhiteElo "2187"]
[BlackElo "2305"]
[WhiteTeam "Nigeria"]
[BlackTeam "Norway 3"]
[WhiteFideId "8501246"]
[BlackFideId "1512110"]
[EventDate "2014.08.02"]

1. Nf3 d5 2. g3 Nf6 3. Bg2 c6 4. d3 Bf5 5. O-O e6 6. Nbd2 h6 7. b3 Bc5 8. Bb2
O-O 9. Qe1 a5 10. e4 Bh7 11. a3 Ba7 12. Qe2 Nbd7 13. Kh1 a4 14. b4 c5 15. e5 Ne8
16. b5 c4 17. dxc4 Bxc2 18. cxd5 Nc5 19. Ne1 Bf5 20. d6 Qd7 21. f4 Bb6 22. g4
Bh7 23. Rc1 f6 24. exf6 Nxf6 25. f5 exf5 26. Rxc5 Bxc5 27. Qc4+ Kh8 28. Qxc5
Rac8 29. Qb4 Nxg4 30. Nc4 Qe6 31. d7 Rcd8 32. h3 Nf6 33. Bxf6 Rxf6 34. Nd3 Qxd7
35. Nde5 Qe6 36. Qxa4 f4 37. Re1 Qc8 38. Ng4 Re6 39. Nce5 Rf8 40. Qb4 h5 41. Nh2
Rf5 42. Qb2 Qe8 43. Nhf3 Kg8 44. Qb3 Kf8 45. Ng6+ Kf7 46. Rxe6 Qxe6 47. Qxe6+
Kxe6 48. Nd4+ 1-0

[Event "Olimpiade 2014 - Open"]
[Site "Tromsø"]
[Date "11.08.2014"]
[Round "9.49"]
[Board "1"]
[White "Chumfwa, Stanley"]
[Black "Iyti, Basher"]
[Result "1/2-1/2"]
[WhiteTitle "IM"]
[BlackTitle "IM"]
[WhiteElo "2317"]
[BlackElo "2263"]
[WhiteTeam "Zambia"]
[BlackTeam "Syria"]
[WhiteFideId "8700117"]
[BlackFideId "7601875"]
[EventDate "2014.08.02"]

1. Nf3 g6 2. d4 Bg7 3. e4 c6 4. Bd3 d5 5. e5 Bg4 6. Nbd2 c5 7. c3 cxd4 8. cxd4
Nc6 9. h3 Bf5 10. Bxf5 gxf5 11. O-O e6 12. Nb3 b6 13. Bg5 Qd7 14. Rc1 h6 15. Be3
Nge7 16. Ne1 Rc8 17. Nd3 Ng6 18. Qd2 Kf8 19. Rc2 Kg8 20. Nbc1 Kh7 21. Ne2 Na5
22. Rxc8 Rxc8 23. b3 Nc6 24. Ng3 Nce7 25. Nh5 Ng8 26. Nxg7 Kxg7 27. Rc1 Rc7 28.
g3 Qc8 29. Rxc7 Qxc7 30. h4 Qc8 31. h5 Nf8 32. Kg2 Nd7 33. Qc1 Qxc1 34. Bxc1 Ne7
35. Kf3 Nc6 36. Ke3 b5 37. Ba3 a5 38. Bd6 a4 39. Bc7 axb3 40. axb3 f6 41. f4 Kf7
42. Ne1 Ndb8 43. Nc2 1/2-1/2

[Event "Olimpiade 2014 - Open"]
[Site "Tromsø"]
[Date "11.08.2014"]
[Round "9.49"]
[Board "2"]
[White "Omrani, Hasan"]
[Black "Mwali, Chitumbo"]
[Result "0-1"]
[BlackTitle "IM"]
[WhiteElo "2085"]
[BlackElo "2250"]
[WhiteTeam "Syria"]
[BlackTeam "Zambia"]
[WhiteFideId "7601735"]
[BlackFideId "8700265"]
[EventDate "2014.08.02"]

1. d4 Nf6 2. Nf3 e6 3. Bf4 c5 4. c3 b6 5. e3 Bb7 6. Nbd2 cxd4 7. exd4 d6 8. Bb5+
Nbd7 9. O-O Be7 10. Re1 O-O 11. Qe2 a6 12. Bc4 Nd5 13. Bg3 Re8 14. Ne4 N7f6 15.
Bd3 Nh5 16. Qd2 Nxg3 17. Nxg3 b5 18. a4 Bc6 19. a5 Bf8 20. Ng5 g6 21. Nf3 Bg7
22. h4 e5 23. dxe5 dxe5 24. Bf1 Nf4 25. Qc2 Bxf3 26. gxf3 Qxh4 27. Rad1 Rad8 28.
Rxd8 Qxd8 29. b4 Ne6 30. Rd1 Qc7 31. c4 Rc8 32. c5 Nd4 33. Qe4 Rd8 34. Kg2 f5
35. Qb1 Qe7 36. Qa2+ Kh8 37. Be2 e4 38. f4 Qh4 39. Qf7 Qxf4 40. Qe7 Rg8 41. Qd7
Nxe2 42. Nxe2 Qf3+ 43. Kg1 Qxe2 44. c6 Qg4+ 45. Kf1 Qh3+ 46. Kg1 Be5 47. Rd2
Bh2+ 48. Kh1 e3 49. Qd4+ Be5+ 0-1

[Event "Olimpiade 2014 - Open"]
[Site "Tromsø"]
[Date "11.08.2014"]
[Round "9.49"]
[Board "3"]
[White "Phiri, Richmond"]
[Black "Akhras, Khaled"]
[Result "1-0"]
[WhiteTitle "FM"]
[WhiteElo "2121"]
[BlackElo "2246"]
[WhiteTeam "Zambia"]
[BlackTeam "Syria"]
[WhiteFideId "8700443"]
[BlackFideId "7600909"]
[EventDate "2014.08.02"]

1. d4 Nf6 2. c4 e6 3. Nf3 b6 4. e3 Bb7 5. Bd3 c5 6. O-O Be7 7. Nc3 cxd4 8. exd4
d5 9. cxd5 exd5 10. Bb5+ Kf8 11. Ne5 a6 12. Ba4 b5 13. Bb3 Nc6 14. Re1 b4 15.
Nxd5 Nxd5 16. Nxf7 Qd7 17. Nxh8 Bf6 18. Qh5 Nxd4 19. Qxh7 Qg4 20. Qg6 Qd7 21.
Ba4 Nb5 22. Qh5 Kg8 23. Ng6 Bd4 24. Bb3 1-0

[Event "Olimpiade 2014 - Open"]
[Site "Tromsø"]
[Date "11.08.2014"]
[Round "9.49"]
[Board "4"]
[White "Al-Tarbosh, Ward"]
[Black "Chumfwa, Kelvin"]
[Result "1-0"]
[WhiteTitle "FM"]
[BlackTitle "FM"]
[WhiteElo "2272"]
[BlackElo "2193"]
[WhiteTeam "Syria"]
[BlackTeam "Zambia"]
[WhiteFideId "7601450"]
[BlackFideId "8700435"]
[EventDate "2014.08.02"]

1. e4 e5 2. Nf3 Nc6 3. Bb5 a6 4. Ba4 Nf6 5. O-O Be7 6. Qe2 b5 7. Bb3 d6 8. c3
O-O 9. Rd1 Bg4 10. d3 Na5 11. Bc2 c5 12. h3 Bd7 13. Nbd2 Re8 14. Nf1 h6 15. Ne3
Bf8 16. Nh2 Nc6 17. Nhg4 Nxg4 18. hxg4 Ne7 19. g3 Bc6 20. d4 Qc7 21. d5 Bd7 22.
Nf5 Nxf5 23. gxf5 Be7 24. Kg2 Bf6 25. Be3 Reb8 26. b4 cxb4 27. cxb4 Rc8 28. Bd3
Qb7 29. Rh1 Kf8 30. g4 Ke7 31. Rae1 a5 32. Rb1 a4 33. f4 exf4 34. Bxf4 Rc3 35.
Bd2 Ra3 36. Bc1 Rc3 37. Bb2 Rac8 38. Bxc3 Rxc3 39. Rbc1 Ra3 40. Rc2 Qb6 41. Rd1
Be5 42. Qf2 Bd4 43. Qe1 Be5 44. Kh1 Qd4 45. Bf1 Qb6 46. Qf2 Qxf2 47. Rxf2 Re3
48. Bg2 Rc3 49. Bf1 Re3 50. Bd3 Rg3 51. Rg2 Rf3 52. Rc2 Kd8 53. Kg1 g6 54. Rg2
g5 55. Rc2 Rg3+ 56. Kf2 Rxg4 57. Rh1 Bd4+ 58. Kf3 Rf4+ 59. Kg2 Rg4+ 60. Kf3 Rf4+
61. Kg3 Be5 62. Kg2 Rg4+ 63. Kf2 Bg7 64. Kf3 Rf4+ 65. Ke3 a3 66. Rf1 Rxf1 67.
Bxf1 h5 68. Rh2 h4 69. Kf3 Bc3 70. Kg4 Bxb4 71. Kxg5 Bc3 72. Kxh4 b4 73. Bc4 Ba4
74. Kg5 f6+ 75. Kg6 Kc7 76. Rh8 Kb7 77. Kf7 Bc2 78. Ke6 b3 79. Bxb3 Bxb3 80. Rh3 1-0

[Event "Olimpiade 2014 - Open"]
[Site "Tromsø"]
[Date "11.08.2014"]
[Round "9.50"]
[Board "1"]
[White "Munoz Santana, Jose Lisandro"]
[Black "Gruenfeld, Yehuda"]
[Result "1-0"]
[WhiteTitle "IM"]
[BlackTitle "GM"]
[WhiteElo "2438"]
[BlackElo "2448"]
[WhiteTeam "Dominican Republic"]
[BlackTeam "ICCD"]
[WhiteFideId "6400361"]
[BlackFideId "2800020"]
[EventDate "2014.08.02"]

1. e4 c5 2. Nf3 d6 3. Bb5+ Nd7 4. O-O Nf6 5. Re1 a6 6. Bf1 g6 7. c3 Bg7 8. d4
Qc7 9. e5 dxe5 10. dxe5 Ng4 11. e6 fxe6 12. h3 Ngf6 13. Rxe6 Nb6 14. Re1 O-O 15.
Nbd2 Kh8 16. a4 Bd7 17. Nc4 Nxc4 18. Bxc4 b5 19. axb5 axb5 20. Rxa8 Rxa8 21. Bf7
Be8 22. Bxe8 Rxe8 23. Ng5 e5 24. Qb3 h6 25. Ne6 Qc6 26. Nxg7 Kxg7 27. c4 bxc4
28. Qxc4 Qd5 29. Qa6 g5 30. Be3 Ra8 31. Qb5 c4 32. Qb4 Qa5 33. Qe7+ Kg6 34. Rd1
Re8 35. Qb7 Rd8 36. Rc1 Qa4 37. Kh2 Nd5 38. Bd2 c3 39. Rxc3 Nxc3 40. Qb6+ Kf7
41. Qxd8 Ne4 42. Qd5+ Kg6 43. Qe6+ Kh7 44. Qf5+ 1-0

[Event "Olimpiade 2014 - Open"]
[Site "Tromsø"]
[Date "11.08.2014"]
[Round "9.50"]
[Board "3"]
[White "Abreu Jean, Carlos Paul"]
[Black "Klasan, Vladimir"]
[Result "0-1"]
[WhiteTitle "FM"]
[BlackTitle "IM"]
[WhiteElo "2286"]
[BlackElo "2365"]
[WhiteTeam "Dominican Republic"]
[BlackTeam "ICCD"]
[WhiteFideId "6405525"]
[BlackFideId "934054"]
[EventDate "2014.08.02"]

1. d4 Nf6 2. Nf3 c5 3. e3 g6 4. Be2 Bg7 5. O-O O-O 6. dxc5 Qc7 7. c4 Na6 8. Nc3
Nxc5 9. Qc2 d6 10. Nd4 a6 11. Nd5 Nxd5 12. cxd5 a5 13. Bd2 Bd7 14. Rac1 Rfc8 15.
b3 Qd8 16. Bc3 Rab8 17. f3 b5 18. Qd2 b4 19. Bb2 Qb6 20. Kh1 h5 21. e4 Kh7 22.
Rcd1 a4 23. g4 hxg4 24. fxg4 Rf8 25. Qe3 e5 26. Nf3 f6 27. Nd2 Bh6 28. Qf3 Bf4
29. Nc4 Qc7 30. Bc1 g5 31. Ne3 axb3 32. axb3 Nxb3 33. Nf5 Bxf5 34. Bxf4 Bg6 35.
Qxb3 exf4 36. Bf3 Rfc8 37. Qa4 Qe7 38. Rfe1 b3 39. h4 Rc3 40. Kg2 Rc2+ 41. Kg1
gxh4 42. e5 fxe5 43. Be4 Rc3 44. Rd3 Rxd3 45. Bxg6+ Kxg6 46. Qe4+ Kg7 47. Qxd3
b2 48. Qf5 Qf7 49. Qc2 Kh8 50. g5 Rg8 51. Qxb2 Qxd5 52. Kh2 Rxg5 53. Rc1 Qe6 54.
Rc7 Qg4 55. Qb8+ Rg8 0-1

[Event "Olimpiade 2014 - Open"]
[Site "Tromsø"]
[Date "11.08.2014"]
[Round "9.50"]
[Board "4"]
[White "Anarkulov, Alisher"]
[Black "Polanco Nunez, Yoel Estarling"]
[Result "0-1"]
[WhiteElo "2222"]
[BlackElo "2157"]
[WhiteTeam "ICCD"]
[BlackTeam "Dominican Republic"]
[WhiteFideId "14201038"]
[BlackFideId "6401783"]
[EventDate "2014.08.02"]

1. e4 c5 2. Nf3 d6 3. Bb5+ Nd7 4. c3 Nf6 5. Qe2 a6 6. Bxd7+ Bxd7 7. O-O e6 8.
Rd1 Bc6 9. e5 Nd7 10. d4 d5 11. Nbd2 Be7 12. Nf1 Bb5 13. Qe3 Bxf1 14. Rxf1 O-O
15. h3 b5 16. Nh2 Qb6 17. Qg3 Kh8 18. Nf3 cxd4 19. cxd4 Rac8 20. Be3 Rc2 21. b3
Rfc8 22. Rfd1 b4 23. Ne1 R2c3 24. Nd3 Nf8 25. Qf4 Kg8 26. Nc5 Ng6 27. Qg4 Qb5
28. Na4 Rc2 29. Bd2 Nh4 30. Bg5 Bxg5 31. Qxg5 Nf5 32. Qf4 Qe2 33. Nc5 Nxd4 34.
Rxd4 R2xc5 35. Rxb4 h6 36. Ra4 Rc2 37. b4 R8c4 38. Qg3 R2c3 39. f3 Rc1+ 40. Rxc1
Rxc1+ 41. Kh2 Qd1 42. Qh4 Qh1+ 0-1